000 02910cam a2200529 i 4500
001 22178034
003 BJBSDDR
005 20260507123000.0
007 ta
008 210816s2022 nyu 001 0 eng
010 _a 2021040204
020 _a9780231205931 (paperback)
020 _a0231556233 (paperback)
020 _z9780231556231
_q(ebook)
035 _a22178034
040 _aDLC
_beng
_erda
_cDLC
_dDLC
041 _aeng
042 _apcc
050 1 4 _aML 420
_bP843h 2022
082 0 0 _a782.42164092
100 1 _aPortelli, Alessandro,
_d1942-
_947131
245 1 0 _aHard rain :
_bBob Dylan, oral cultures, and the meaning of history /
_cAlessandro Portelli.
264 1 _aNew York City :
_bColumbia University Press,
_c2022.
300 _a192 pages ;
_c21 cm
336 _atext
_btxt
_2rdacontent
337 _aunmediated
_bn
_2rdamedia
338 _avolume
_bnc
_2rdacarrier
490 0 _aThe Columbia oral history series
500 _aIncludes index.
505 0 _aIntroduction. Memory, Voice, and the Global Bob Dylan -- Songs of Innocence and Experience -- The text and the voice -- Talking Atomic Blues -- Which way history? -- Appendix. History's lessons unlearned -- Appendix 2. Lyrics.
520 _a"Hard Rain is an exploration of how oral culture and the ballad tradition shaped Nobel Laureate Bob Dylan's 1962 classic "A Hard Rain's a-Gonna Fall." The song was written at the apex of the folk music revival and harkens back to the British traditional ballad "Lord Randal" and the 17th-century Italian ballad "Il testemento dell'avvelenato." Its theme is relevant to the post-nuclear nightmares and youth movements of the 1960s, prefiguring contemporary concerns about environmental crisis, racism, and mass migrations. Alessandro Portelli demonstrates how Dylan was able to use the folk tradition of the ballad combined with a modern sensibility to creatively question the meaning and direction of history. Will the future bring liberation or disaster? It is up to us"--
_cProvided by publisher.
600 1 0 _aDylan, Bob,
_d1941-
_xCriticism and interpretation.
600 1 4 _aDylan, Bob,
_d1941-
_xCrítica e interpretación
_933481
600 1 0 _aDylan, Bob,
_d1941-.
_tHard rain's a-gonna fall.
630 0 0 _aLord Randal.
650 0 _aFolk songs
_xHistory and criticism.
650 4 _aCanciones folclóricas
_xHistoria y crítica
_948337
650 0 _aBallads
_xHistory and criticism.
650 4 _aBaladas
_xHistoria y crítica
_948338
650 0 _aMusic and history.
650 4 _aMúsica
_xHistoria y crítica
_919614
776 0 8 _iOnline version:
_aPortelli, Alessandro.
_tHard rain
_dNew York City : Columbia University Press, 2022
_z9780231556231
_w(DLC) 2021040205
830 0 _aColumbia oral history series
_948336
906 _a7
_bcbc
_corignew
_d1
_eecip
_f20
_gy-gencatlg
942 _2lcc
_cBK
999 _c126419
_d126419